Statistiques concernant Les antagonistes de JoJo's Bizarre Adventure

Cliquez ici pour prendre le quiz!

Statistiques générales

  • Ce quiz a été pris 629 fois
  • Le résultat moyen est 14 sur 25

Statistiques - réponses

Antagoniste% Correct
DIO
100%
Dio Brando
100%
Yoshikage Kira
94%
Yoshihiro Kira
93%
Kars
91%
Diavolo/Doppio
90%
Enrico Pucci
90%
Wham
84%
AC/DC
79%
Funny Valentine
69%
Funny Valentine
69%
Funny Valentine...
69%
Vanilla Ice
58%
Santana
51%
Diego Brando
40%
Risotto Nero
37%
Hol Horse
33%
Enya Geil
25%
Polpo
24%
Akira Otoishi
20%
Boingo
20%
Oingo
19%
Donatello Versus
10%
Rikiel
9%
Ungaro
5%

Distribution des résultats

Percentile par nombre de réponses

% des personnes avec chaque résultat

Votre développement - résultats

Vous n’avez pas pris ce quiz